|
|
|
|
| LEADER |
00000nam a2200000Ia 4500 |
| 008 |
150729b1999 cr ||||| |||| 00| | spa d |
| 022 |
|
|
|a 1409-3030
|
| 090 |
|
|
|a 01.03.02
|b 700
|
| 110 |
2 |
|
|9 569
|a UNICEF
|
| 245 |
1 |
0 |
|a Nuestro derecho a ... La nutrición y salud en Costa Rica = Our right to... Nutrition and health in Costa Rica
|
| 260 |
|
|
|a San José, Costa Rica :
|b García Hermanos,
|c 1999
|
| 300 |
|
|
|a 97 páginas
|
| 500 |
|
|
|a El documento está también en inglés
|
| 610 |
1 |
4 |
|9 569
|a UNICEF
|
| 650 |
1 |
4 |
|a NUTRICIÓN
|9 534
|
| 650 |
1 |
4 |
|a SALUD
|9 268
|
| 650 |
1 |
4 |
|a DERECHOS DEL NIÑO
|9 570
|
| 651 |
|
4 |
|a COSTA RICA
|9 47
|
| 942 |
|
|
|i 001126
|h 01.03.02 700
|2 z
|c 01
|
| 999 |
|
|
|c 123
|d 123
|